000 00273nam a2200121 a 4500
008 101209s1972|||| d
100 1 _aMartindale, Andrew
245 1 0 _aRenesancia
044 _axo
_cSK
041 _aslo
020 _c95
260 _bPallas
_aBratislava
_c1972
999 _c14969
_d14969